| 000 | 00487nam a2200181Ia 4500 | ||
|---|---|---|---|
| 003 | GCL | ||
| 008 | 140319s9999 xx 000 0 eng d | ||
| 040 |
_aGCL / _cGCL |
||
| 082 | 0 | 4 |
_a550 _bB F |
| 100 | 1 | _aBRADSHAW, MICHAEL | |
| 245 | 1 | 0 |
_aFOUNDATIONS OF PHYSICAL GEOGRAPHY / _cBRADSHAW, MICHAEL |
| 700 | 1 | _aWEAVER, RUTH | |
| 260 |
_a[S.N] : _bW.M.C BROWN PUBLISHERS ، _c1995 |
||
| 300 | _a442 P | ||
| 650 | 0 | 4 | _aPSYSICAL GEOGRAPHY |
| 650 | 0 | 4 | _aEARTH ENVIRONMENTS |
| 942 |
_2ddc _cBK |
||
| 999 |
_c13416 _d13416 |
||